[Event "BL 0304 SCA St Ingbert - Bremer SG"]
[Site "?"]
[Date "2003.11.01"]
[Round "1.7"]
[White "Breutigam, Martin"]
[Black "Drollinger, Dennis"]
[Result "1-0"]
[WhiteElo "2409"]
[BlackElo "2275"]
[PlyCount "87"]
[EventDate "2003.??.??"]

1. d4 Nf6 2. Bg5 e6 3. e3 h6 4. Bxf6 Qxf6 5. f4 g5 6. Nh3 gxf4 7. Nxf4 Bd6 8.
Qd2 Bxf4 9. exf4 b6 10. Nc3 Bb7 11. O-O-O d6 12. Nb5 Na6 13. Bd3 Rg8 14. Rhg1
Kd7 15. c3 c6 16. Na3 Nc7 17. Nc2 a5 18. Kb1 Ba6 19. Bxa6 Rxa6 20. Rgf1 a4 21.
a3 Ra5 22. g3 Nd5 23. c4 Ne7 24. Ka1 h5 25. Ne3 Nf5 26. d5 exd5 27. cxd5 Nxe3
28. dxc6+ Kxc6 29. Qxe3 d5 30. Rf2 Rc5 31. Rfd2 Qe6 32. Qd3 h4 33. gxh4 Rg4 34.
Re2 Qd7 35. h5 Rh4 36. Qd4 Rxh5 37. Qxa4+ Kd6 38. Qd4 Rf5 39. Re5 Rxe5 40.
Qxe5+ Kc6 41. f5 d4 42. Qf6+ Kb5 43. Rxd4 Qxf5 44. Rb4+ 1-0

[Event "BL 0304 SCA St Ingbert - Bremer SG"]
[Site "?"]
[Date "2003.11.01"]
[Round "1.8"]
[White "Martinovic, Slobodan"]
[Black "Borik, Otto"]
[Result "1/2-1/2"]
[WhiteElo "2466"]
[BlackElo "2429"]
[PlyCount "55"]
[EventDate "2003.??.??"]

1. Nf3 Nf6 2. g3 d5 3. Bg2 c5 4. c4 d4 5. b4 cxb4 6. a3 bxa3 7. O-O Nc6 8. d3
e5 9. Qa4 Bd7 10. Bxa3 Bxa3 11. Qxa3 Qe7 12. Ng5 Qxa3 13. Nxa3 Ke7 14. Rfb1
Rab8 15. f4 exf4 16. gxf4 Nh5 17. Rf1 Nb4 18. Ne4 Rhc8 19. Nd2 Bc6 20. Nb3 Bxg2
21. Kxg2 Rd8 22. Kf3 a6 23. Rfb1 b6 24. Rb2 Rd6 25. Nd2 a5 26. Ne4 Re6 27. Nb5
Rd8 28. Nc7 1/2-1/2

[Event "BL 0304 SF Katernberg - Solinger SG"]
[Site "?"]
[Date "2003.11.01"]
[Round "1.1"]
[White "Kasimdzhanov, Rustam"]
[Black "Volokitin, Andrei"]
[Result "0-1"]
[WhiteElo "2668"]
[BlackElo "2594"]
[PlyCount "74"]
[EventDate "2003.??.??"]

1. d4 Nf6 2. c4 g6 3. Nc3 Bg7 4. e4 d6 5. f3 O-O 6. Be3 c5 7. Nge2 Nc6 8. d5
Ne5 9. Ng3 e6 10. Be2 exd5 11. cxd5 h5 12. O-O Nh7 13. Qd2 h4 14. Nh1 g5 15.
Nf2 Kh8 16. Kh1 Bd7 17. Rae1 Rg8 18. a3 Qf6 19. b4 b6 20. Rc1 Qg6 21. bxc5 bxc5
22. Rb1 Rab8 23. h3 f5 24. exf5 Bxf5 25. Nce4 Rxb1 26. Rxb1 Bxe4 27. Nxe4 g4
28. hxg4 Nxg4 29. Bd3 Nxe3 30. Qxe3 Be5 31. g4 hxg3 32. Kg2 Qh5 33. Rh1 Qxh1+
34. Kxh1 g2+ 35. Kg1 Bd4 36. Qxd4+ cxd4 37. Nxd6 Ng5 0-1

[Event "BL 0304 SF Katernberg - Solinger SG"]
[Site "?"]
[Date "2003.11.01"]
[Round "1.2"]
[White "Chuchelov, Vladimir"]
[Black "Gabriel, Christian"]
[Result "1/2-1/2"]
[WhiteElo "2603"]
[BlackElo "2560"]
[PlyCount "72"]
[EventDate "2003.??.??"]

1. Nf3 d5 2. d4 Nf6 3. c4 dxc4 4. e3 e6 5. Bxc4 c5 6. O-O a6 7. dxc5 Qxd1 8.
Rxd1 Bxc5 9. Be2 O-O 10. Nbd2 Rd8 11. Ne5 Be7 12. Nec4 Nc6 13. Bf3 Nd5 14. Nb3
b5 15. Nca5 Ne5 16. Be2 Bd7 17. e4 Nb6 18. Bf4 Bf6 19. Nc5 Rdc8 20. Rac1 Be8
21. b3 Nbd7 22. Nxd7 Nxd7 23. Nb7 Rxc1 24. Bxc1 Nf8 25. Be3 Bc6 26. Nc5 Be7 27.
f3 f6 28. Rc1 Be8 29. f4 Kf7 30. Bh5+ g6 31. Bf3 Nd7 32. Nxd7 Bxd7 33. Rc7 Ke8
34. e5 Rc8 35. Rxc8+ Bxc8 36. Bd4 fxe5 1/2-1/2

[Event "BL 0304 SF Katernberg - Solinger SG"]
[Site "?"]
[Date "2003.11.01"]
[Round "1.3"]
[White "Sadler, Matthew"]
[Black "Glek, Igor V"]
[Result "1/2-1/2"]
[WhiteElo "2626"]
[BlackElo "2555"]
[PlyCount "66"]
[EventDate "2003.??.??"]

1. d4 Nf6 2. c4 g6 3. Nc3 Bg7 4. e4 d6 5. Nf3 O-O 6. Be2 Na6 7. O-O e5 8. Be3
Ng4 9. Bg5 Qe8 10. dxe5 dxe5 11. h3 f6 12. Bc1 Nh6 13. b3 c6 14. Ba3 Rf7 15. c5
Nc7 16. Re1 Be6 17. Qc2 Rd7 18. b4 a6 19. Na4 Rdd8 20. Nb6 Rab8 21. Bb2 Nf7 22.
a4 Bh6 23. Bc1 Bxc1 24. Raxc1 Kg7 25. Qb2 Qe7 26. b5 axb5 27. axb5 Nxb5 28.
Bxb5 cxb5 29. Qxb5 Qc7 30. Re3 Nd6 31. Qb2 Nc8 32. Rec3 Ne7 33. Nc4 Bxc4
1/2-1/2

[Event "BL 0304 SF Katernberg - Solinger SG"]
[Site "?"]
[Date "2003.11.01"]
[Round "1.4"]
[White "Romero Holmes, Alfonso"]
[Black "Naumann, Alexander"]
[Result "0-1"]
[WhiteElo "2544"]
[BlackElo "2518"]
[PlyCount "74"]
[EventDate "2003.??.??"]

1. e4 c5 2. Nf3 d6 3. d4 cxd4 4. Nxd4 Nf6 5. Nc3 a6 6. h3 e6 7. g4 d5 8. Nde2
Bb4 9. a3 Ba5 10. b4 Bb6 11. g5 Nxe4 12. Nxe4 dxe4 13. Qxd8+ Bxd8 14. Ng3 Bd7
15. Nxe4 Bc6 16. Bd3 h6 17. Bb2 hxg5 18. O-O-O Be7 19. Rhg1 Rxh3 20. Bxg7 Bxe4
21. Bxe4 Nc6 22. Rh1 Rxh1 23. Rxh1 O-O-O 24. Rh7 Rd7 25. Bb2 Bd6 26. Bf6 Bf4+
27. Kb1 Ne5 28. Bxe5 Bxe5 29. Bd3 g4 30. Ka2 Bd4 31. Rh2 Kc7 32. Kb3 f5 33. Be2
Rg7 34. f3 gxf3 35. Bxf3 Rg3 36. Rh7+ Kd6 37. Kc4 Be5 0-1

[Event "BL 0304 SF Katernberg - Solinger SG"]
[Site "?"]
[Date "2003.11.01"]
[Round "1.5"]
[White "Werle, Jan"]
[Black "Moreno Carnero, Javier"]
[Result "1-0"]
[WhiteElo "2409"]
[BlackElo "2516"]
[PlyCount "97"]
[EventDate "2003.??.??"]

1. Nf3 Nf6 2. c4 g6 3. Nc3 Bg7 4. e4 d6 5. d4 O-O 6. Be2 Nc6 7. O-O e5 8. Re1
Qe8 9. Bf1 Bg4 10. d5 Nb4 11. Be2 a5 12. Rb1 Na6 13. Nd2 Bd7 14. b3 c5 15. a3
Kh8 16. Nb5 Qe7 17. Bb2 Ne8 18. Bf1 b6 19. Bc3 Rb8 20. Qc2 Rb7 21. Qb2 Bc8 22.
g3 f6 23. Bg2 g5 24. Nf1 f5 25. exf5 Bxf5 26. Rbc1 Qd8 27. Qe2 Rbf7 28. Nd2 Nf6
29. h3 g4 {(=)} 30. h4 Nc7 31. Bb2 Nce8 32. Nc3 Bh6 33. Ra1 Ng7 34. Rf1 Bc2 35.
Nde4 Nxe4 36. Nxe4 Bxb3 37. Qxg4 Nf5 38. Qe2 Rg7 39. a4 Nxh4 40. Ra3 Nxg2 41.
Kxg2 Bxc4 42. Qxc4 Qh4 43. Rh1 Rxf2+ 44. Kg1 Qf4 45. Rh2 Rf3 46. Rg2 Qg4 47.
Nxd6 Be3+ 48. Rxe3 Rxe3 49. Nf7+ 1-0

[Event "BL 0304 SF Katernberg - Solinger SG"]
[Site "?"]
[Date "2003.11.01"]
[Round "1.6"]
[White "Senff, Martin"]
[Black "Hoffmann, Michael"]
[Result "0-1"]
[WhiteElo "2446"]
[BlackElo "2430"]
[PlyCount "80"]
[EventDate "2003.??.??"]

1. e4 c5 2. Nf3 e6 3. d4 cxd4 4. Nxd4 a6 5. Nc3 b5 6. Bd3 Qb6 7. Nb3 Qc7 8. O-O
Nf6 9. Qe2 Nc6 10. f4 d6 11. a3 Be7 12. Bd2 O-O 13. Rae1 b4 14. axb4 Nxb4 15.
e5 dxe5 16. fxe5 Nd7 17. Be4 Bb7 18. Bf4 Bxe4 19. Qxe4 Rab8 20. Kh1 Qb7 21.
Qxb7 Rxb7 22. Na5 Rc7 23. Re2 Rb8 24. Ra1 h5 25. h3 h4 26. Bh2 Nf8 27. Rd1 Ng6
28. Rd4 Rc5 29. Nc4 Nc6 30. Rde4 Na5 31. Nxa5 Rxa5 32. Na4 Rd5 33. b3 Rd1+ 34.
Bg1 Rc1 35. Kh2 Nxe5 36. Rxe5 Bd6 37. Bc5 Bc7 38. g3 Bxe5 39. Rxe5 Rxc2+ 40.
Kg1 Rxb3 0-1

[Event "BL 0304 SF Katernberg - Solinger SG"]
[Site "?"]
[Date "2003.11.01"]
[Round "1.8"]
[White "Souleidis, Georgios"]
[Black "Wegerle, Joerg"]
[Result "1/2-1/2"]
[WhiteElo "2401"]
[BlackElo "2382"]
[PlyCount "82"]
[EventDate "2003.??.??"]

1. e4 e6 2. b3 d5 3. Bb2 dxe4 4. Nc3 Nf6 5. Qe2 Nbd7 6. Nxe4 Nxe4 7. Qxe4 Nf6
8. Qh4 Be7 9. O-O-O Bd7 10. Nf3 O-O 11. Bd3 h6 12. Ne5 Nd5 13. Qg3 Bf6 14. Kb1
Bxe5 15. Qxe5 f6 16. Qe4 f5 17. Qe5 Qf6 18. Rhe1 Rae8 19. a3 Bc6 20. f4 Qxe5
21. Bxe5 Nf6 22. Bxf6 Rxf6 23. g3 Bf3 24. Rc1 g5 25. Re3 g4 26. Rce1 Kf7 27. h4
c6 28. Kb2 Re7 29. Re5 Ke8 30. c4 Kd7 31. Kc3 b6 32. b4 Rff7 33. a4 Kd6 34. Be2
Rg7 35. d4 Kd7 36. Bd3 Kd6 37. Ra1 Rb7 38. Rae1 Rbe7 39. Ra1 Rb7 40. Ra2 Rge7
41. Ra1 Rg7 1/2-1/2

[Event "BL 0304 SG Koeln Porz - SV Wattenscheid"]
[Site "?"]
[Date "2003.11.01"]
[Round "1.1"]
[White "Macieja, Bartlomiej"]
[Black "Lutz, Christopher"]
[Result "1/2-1/2"]
[WhiteElo "2635"]
[BlackElo "2613"]
[PlyCount "141"]
[EventDate "2003.??.??"]

1. e4 c5 2. Nc3 d6 3. f4 g6 4. Nf3 Bg7 5. Bc4 Nc6 6. d3 e6 7. O-O Nge7 8. a3
O-O 9. Ba2 Nd4 10. Nxd4 cxd4 11. Ne2 Bd7 12. Kh1 Rc8 13. Bb3 a5 14. a4 Kh8 15.
Ng1 Rc5 16. Nf3 b5 17. axb5 Bxb5 18. Bd2 Nc6 19. Ra3 Qc7 20. Qa1 Ra8 21. Qa2
Bf6 22. Ra1 Qb8 23. Bxa5 Rxa5 24. Rxa5 Nxa5 25. Qxa5 Bxd3 26. Qa8 Rc8 27. Qxb8
Rxb8 28. e5 dxe5 29. fxe5 Be7 30. Ra7 Bc5 31. Rc7 Bb6 32. Rxf7 Bf5 33. h3 d3
34. cxd3 Bf2 35. g4 Bxd3 36. Ng5 Rxb3 37. Rf8+ Kg7 38. Nxe6+ Kh6 39. Rxf2 Bc4
40. Nd4 Re3 41. Kh2 Rxe5 42. Rc2 Bd3 43. Rc3 Bb1 44. Kg3 Rd5 45. Nf3 g5 46. b4
Bg6 47. Kf2 Rb5 48. Rb3 Kg7 49. Nd4 Rb6 50. Ke3 Kf6 51. b5 Ke5 52. Rc3 Kd5 53.
Rc8 Rb7 54. Ne2 Re7+ 55. Kd2 Rb7 56. Nc3+ Kd4 57. Rd8+ Kc4 58. Rd6 Kb4 59. Rd4+
Kc5 60. Rd5+ Kc4 61. Rd6 Kb4 62. b6 Ka5 63. Nd5 Kb5 64. Nc3+ Ka5 65. Rd5+ Kxb6
66. Rxg5 Kc6 67. h4 Rd7+ 68. Ke2 Rd4 69. h5 Rxg4 70. Rxg4 Bxh5 71. Kf3 1/2-1/2

[Event "BL 0304 SG Koeln Porz - SV Wattenscheid"]
[Site "?"]
[Date "2003.11.01"]
[Round "1.2"]
[White "Beliavsky, Alexander G"]
[Black "Nielsen, Peter-Heine"]
[Result "1/2-1/2"]
[WhiteElo "2667"]
[BlackElo "2626"]
[PlyCount "50"]
[EventDate "2003.??.??"]

1. d4 Nf6 2. c4 e6 3. Nc3 Bb4 4. e3 O-O 5. Bd3 c5 6. Nf3 d5 7. O-O cxd4 8. exd4
dxc4 9. Bxc4 b6 10. Bg5 Bb7 11. Rc1 Nbd7 12. Bd3 Rc8 13. Re1 Re8 14. Bh4 Nf8
15. a3 Bxc3 16. bxc3 Ng6 17. Bg3 Nh5 18. a4 Nxg3 19. hxg3 Re7 20. a5 Rec7 21.
axb6 Rxc3 22. Rxc3 Rxc3 23. Qd2 Ra3 24. Bxg6 hxg6 25. bxa7 Bxf3 1/2-1/2

[Event "BL 0304 SG Koeln Porz - SV Wattenscheid"]
[Site "?"]
[Date "2003.11.01"]
[Round "1.3"]
[White "Rustemov, Alexander"]
[Black "Graf, Alexander"]
[Result "1-0"]
[WhiteElo "2604"]
[BlackElo "2646"]
[PlyCount "74"]
[EventDate "2003.??.??"]

1. d4 d5 2. c4 c6 3. Nc3 Nf6 4. e3 Bg4 5. f3 Bd7 6. c5 b6 7. b4 Bf5 8. g4 Bc8
9. Bd2 g6 10. Nge2 Bg7 11. h4 O-O 12. g5 Nh5 13. f4 a5 14. a3 axb4 15. axb4
Rxa1 16. Qxa1 Na6 17. Qa3 bxc5 18. bxc5 h6 19. Rg1 hxg5 20. hxg5 Nc7 21. Qa4
Bd7 22. Nc1 Qe8 23. Bd3 Ne6 24. N1e2 Qb8 25. Nxd5 cxd5 26. Qxd7 Nhxf4 27. Nxf4
Nxf4 28. exf4 Bxd4 29. Rh1 Qd8 30. Qh3 Qc7 31. Ke2 Ra8 32. c6 Qxc6 33. f5 Ra2
34. f6 Qe6+ 35. Qxe6 fxe6 36. fxe7 Kf7 37. Rh7+ Bg7 1-0

[Event "BL 0304 SG Koeln Porz - SV Wattenscheid"]
[Site "?"]
[Date "2003.11.01"]
[Round "1.5"]
[White "Appel, Ralf"]
[Black "Hansen, Curt"]
[Result "0-1"]
[WhiteElo "2513"]
[BlackElo "2616"]
[PlyCount "98"]
[EventDate "2003.??.??"]

1. Nf3 g6 2. g3 Bg7 3. Bg2 e5 4. O-O d6 5. d4 e4 6. Ne1 d5 7. c4 c6 8. Qa4 Nd7
9. cxd5 Nb6 10. Qb3 cxd5 11. Nc3 Ne7 12. a4 O-O 13. Bg5 Be6 14. Nc2 h6 15. Bxe7
Qxe7 16. Qb5 Rfd8 17. Rfd1 Nc4 18. Ra2 a6 19. Qb3 Rac8 20. Na3 Na5 21. Qb6 Nc6
22. Nc2 Rd6 23. Qb3 Na5 24. Qb4 Qd8 25. Raa1 Nc4 26. a5 b6 27. Qb3 Nxa5 28. Qa2
Nc4 29. Qxa6 Nxb2 30. Rdb1 Rxc3 31. Rxb2 Rdc6 32. Qa2 Qc8 33. Nb4 Bxd4 34. Nxc6
Rxc6 35. Rd1 Bxb2 36. Qxb2 Rc2 37. Qxb6 Rxe2 38. h4 e3 39. Rf1 Qc2 40. Bf3 Rxf2
41. Qxe3 Rxf1+ 42. Kxf1 Qb1+ 43. Kf2 Qb2+ 44. Ke1 Kg7 45. Be2 Qf6 46. Qc5 h5
47. Qc7 Qa1+ 48. Kf2 Qd4+ 49. Kg2 Qe3 0-1

[Event "BL 0304 SG Koeln Porz - SV Wattenscheid"]
[Site "?"]
[Date "2003.11.01"]
[Round "1.6"]
[White "Van den Doel, Erik"]
[Black "Handke, Florian"]
[Result "1/2-1/2"]
[WhiteElo "2609"]
[BlackElo "2476"]
[PlyCount "113"]
[EventDate "2003.??.??"]

1. e4 c5 2. Nf3 e6 3. d4 cxd4 4. Nxd4 a6 5. Be2 Nf6 6. Nc3 Qc7 7. O-O Bb4 8.
Qd3 Nc6 9. Bg5 Be7 10. Nxc6 bxc6 11. f4 d6 12. Qg3 h6 13. Bh4 O-O 14. Kh1 Qd8
15. e5 Nh5 16. Qf3 Bxh4 17. Qxh5 d5 18. Rad1 Bd7 19. Rd3 f5 20. exf6 Bxf6 21.
Rg3 Bxc3 22. Rxc3 Qf6 23. Rb3 Rab8 24. Rxb8 Rxb8 25. b3 a5 26. Qh3 Rf8 27. Qe3
e5 28. Qxe5 Qxe5 29. fxe5 Rxf1+ 30. Bxf1 Kf7 31. Kg1 Ke6 32. Kf2 Kxe5 33. Ke3
c5 34. c3 Be6 35. Kd2 d4 36. Bb5 Bf5 37. Ba4 Be6 38. g3 g5 39. a3 Bf7 40. Kc2
dxc3 41. Kxc3 Bd5 42. b4 cxb4+ 43. axb4 axb4+ 44. Kxb4 Kd4 45. Bd1 Be6 46. Kb5
Ke3 47. Kc5 Kf2 48. Kd6 Bh3 49. Ke5 Kg2 50. Kf6 Kxh2 51. Kg6 Kxg3 52. Kxh6 Kf4
53. Kh5 Bf1 54. Bf3 Bd3 55. Bd1 Be4 56. Be2 Bc2 57. Bf3 1/2-1/2

[Event "BL 0304 SG Koeln Porz - SV Wattenscheid"]
[Site "?"]
[Date "2003.11.01"]
[Round "1.7"]
[White "Holzke, Frank Dr"]
[Black "Nijboer, Friso"]
[Result "0-1"]
[WhiteElo "2471"]
[BlackElo "2577"]
[PlyCount "110"]
[EventDate "2003.??.??"]

1. e4 c5 2. Nf3 e6 3. d4 cxd4 4. Nxd4 a6 5. Bd3 Bc5 6. Nb3 Ba7 7. O-O Nc6 8.
Qg4 Nf6 9. Qxg7 Rg8 10. Qh6 Ne5 11. Bg5 Rg6 12. Qh4 Nf3+ 13. gxf3 h6 14. Kh1
hxg5 15. Qh3 e5 16. Nc3 d6 17. Qh8+ Ng8 18. f4 gxf4 19. Rg1 Bg4 20. h3 Qf6 21.
Qxf6 Bf3+ 22. Kh2 Nxf6 23. Nd2 Bh5 24. Nd5 Nxd5 25. exd5 Rxg1 26. Rxg1 Ke7 27.
Kg2 b5 28. Kf1 Bb6 29. a3 Rh8 30. c4 bxc4 31. Nxc4 Bd4 32. Be4 Bd1 33. Rh1 Rc8
34. Na5 Bxb2 35. Nc6+ Kf6 36. h4 Bh5 37. Rh3 Bd4 38. Rb3 Bg4 39. f3 Bh3+ 40.
Ke2 Bc5 41. Nb8 a5 42. a4 Rg8 43. Nc6 Rg2+ 44. Kd1 Ra2 45. Rb7 Bf5 46. Bxf5
Kxf5 47. Nxa5 Rxa4 48. Nc6 Ra3 49. Rxf7+ Kg6 50. Rc7 e4 51. Ne7+ Kf6 52. Ng8+
Ke5 53. Re7+ Kd4 54. Kc2 exf3 55. Nf6 Re3 0-1

[Event "BL 0304 SG Koeln Porz - SV Wattenscheid"]
[Site "?"]
[Date "2003.11.01"]
[Round "1.8"]
[White "Van der Wiel, John T.H"]
[Black "Straeter, Timo"]
[Result "1-0"]
[WhiteElo "2537"]
[BlackElo "2335"]
[PlyCount "79"]
[EventDate "2003.??.??"]

1. e4 e5 2. Nf3 Nc6 3. d4 exd4 4. Nxd4 Bc5 5. Nb3 Bb6 6. a4 a6 7. Nc3 d6 8. Nd5
Ba7 9. Be3 Bxe3 10. Nxe3 Nf6 11. Bd3 O-O 12. O-O Re8 13. f3 Be6 14. c4 Nd7 15.
Rf2 Nc5 16. Bf1 a5 17. Ra3 Nxb3 18. Rxb3 Nb4 19. Rc3 Na6 20. Bd3 Nc5 21. Bc2
Ra6 22. Qd4 Rb6 23. b3 f6 24. h4 Qe7 25. f4 Ra6 26. h5 h6 27. Nd5 Qf7 28. Rg3
Kh8 29. e5 f5 30. exd6 cxd6 31. Rg6 Bxd5 32. cxd5 Re1+ 33. Rf1 Rxf1+ 34. Kxf1
Ra8 35. Rxh6+ Kg8 36. Rxd6 Re8 37. h6 Ne4 38. Re6 gxh6 39. Bxe4 fxe4 40. Qxe4
1-0

[Event "BL 0304 TV Tegernsee - Hamburger SK"]
[Site "?"]
[Date "2003.11.02"]
[Round "2.1"]
[White "Ftacnik, Lubomir"]
[Black "Khenkin, Igor"]
[Result "1/2-1/2"]
[WhiteElo "2585"]
[BlackElo "2627"]
[PlyCount "35"]
[EventDate "2003.??.??"]

1. d4 d5 2. c4 e6 3. Nf3 Nf6 4. Nc3 dxc4 5. e4 Bb4 6. Bg5 c5 7. Bxc4 cxd4 8.
Nxd4 Bxc3+ 9. bxc3 Qa5 10. Bb5+ Bd7 11. Bxf6 gxf6 12. Qb3 Bxb5 13. Nxb5 O-O 14.
O-O Nc6 15. c4 Rad8 16. Qg3+ Kh8 17. Qh4 Kg7 18. Qg3+ 1/2-1/2

[Event "BL 0304 TV Tegernsee - Hamburger SK"]
[Site "?"]
[Date "2003.11.02"]
[Round "2.2"]
[White "Sokolov, Andrei"]
[Black "Atalik, Suat"]
[Result "1-0"]
[WhiteElo "2584"]
[BlackElo "2570"]
[PlyCount "105"]
[EventDate "2003.??.??"]

1. e4 e6 2. d4 d5 3. Nc3 Nf6 4. Bg5 Bb4 5. exd5 Qxd5 6. Bxf6 Bxc3+ 7. bxc3 gxf6
8. Qd2 Qa5 9. Bd3 Bd7 10. Ne2 Bc6 11. Nf4 Nd7 12. c4 Qxd2+ 13. Kxd2 e5 14. Nd5
Bxd5 15. cxd5 Ke7 16. Rab1 b6 17. Rb4 Rag8 18. g3 Rg4 19. Re1 Kd6 20. c3 exd4
21. cxd4 Nb8 22. Re3 Rg5 23. Be4 Re8 24. h4 Rg7 25. Kd3 f5 26. Bxf5 Rxe3+ 27.
Kxe3 Kxd5 28. Be4+ Kd6 29. Rb5 Nd7 30. Rg5 Rxg5 31. hxg5 Nf8 32. f4 c5 33.
dxc5+ Kxc5 34. Bc2 Kd6 35. Bb3 Ke7 36. Ke4 Nd7 37. Kd5 f6 38. Bc2 fxg5 39. fxg5
Nf8 40. Bf5 b5 41. Kc5 a6 42. Kb6 Kd6 43. Kxa6 Kc5 44. Kb7 b4 45. Kc7 Kd5 46.
Kb6 Ke5 47. Bc8 Kd4 48. Kb5 Kc3 49. Bf5 b3 50. axb3 Kxb3 51. Kc5 Kc3 52. Kd5
Kd2 53. Kd6 1-0

[Event "BL 0304 TV Tegernsee - Hamburger SK"]
[Site "?"]
[Date "2003.11.02"]
[Round "2.3"]
[White "Gustafsson, Jan"]
[Black "Ribli, Zoltan"]
[Result "1/2-1/2"]
[WhiteElo "2571"]
[BlackElo "2593"]
[PlyCount "33"]
[EventDate "2003.??.??"]

1. d4 d5 2. c4 e6 3. Nf3 Nf6 4. Nc3 dxc4 5. e4 Bb4 6. Bg5 c5 7. Bxc4 cxd4 8.
Nxd4 Bxc3+ 9. bxc3 Qa5 10. Bb5+ Bd7 11. Bxf6 gxf6 12. Qb3 a6 13. Be2 Nc6 14.
O-O Qc7 15. Qa3 Rc8 16. Rfd1 Rg8 17. Rab1 1/2-1/2

[Event "BL 0304 TV Tegernsee - Hamburger SK"]
[Site "?"]
[Date "2003.11.02"]
[Round "2.4"]
[White "Bischoff, Klaus"]
[Black "Wahls, Matthias"]
[Result "1-0"]
[WhiteElo "2564"]
[BlackElo "2546"]
[PlyCount "75"]
[EventDate "2003.??.??"]

1. d4 Nf6 2. c4 e6 3. g3 Bb4+ 4. Bd2 Qe7 5. Bg2 Nc6 6. e3 e5 7. d5 Bxd2+ 8.
Qxd2 Nb8 9. Ne2 d6 10. h3 h5 11. Nbc3 O-O 12. e4 Nbd7 13. Nc1 Nc5 14. b4 Ncd7
15. Nb3 h4 16. Bf3 Nh7 17. Be2 b6 18. Rc1 f5 19. exf5 Rxf5 20. Qe3 Rf8 21. Nd4
Ndf6 22. g4 Bd7 23. Nf3 Ne8 24. Bd3 a5 25. a3 axb4 26. axb4 Ra3 27. O-O Rf4 28.
Bxh7+ Kxh7 29. Nd2 Nf6 30. Ra1 Rxa1 31. Rxa1 Qf7 32. f3 Qg6 33. Ne2 Bxg4 34.
hxg4 Nxg4 35. fxg4 Rxg4+ 36. Kh1 h3 37. Qxh3+ Kg8 38. Rg1 1-0

[Event "BL 0304 TV Tegernsee - Hamburger SK"]
[Site "?"]
[Date "2003.11.02"]
[Round "2.5"]
[White "Mueller, Karsten"]
[Black "Boensch, Uwe"]
[Result "1/2-1/2"]
[WhiteElo "2521"]
[BlackElo "2545"]
[PlyCount "56"]
[EventDate "2003.??.??"]

1. e4 c5 2. Nf3 Nc6 3. Nc3 e5 4. Bc4 d6 5. d3 Be7 6. Nd2 Bg5 7. Nf1 h6 8. Qh5
g6 9. Bxg5 Qxg5 10. Qxg5 hxg5 11. Nb5 Ke7 12. Nc7 Rb8 13. Nd5+ Kf8 14. Nfe3
Nge7 15. f3 Nxd5 16. Bxd5 f5 17. O-O-O Ke7 18. h3 Be6 19. c3 Bxd5 20. Nxd5+ Ke6
21. a4 Ne7 22. Ne3 Rbc8 23. Rhe1 Ng8 24. Nc4 Nf6 25. b3 Rh4 26. Rd2 Rc7 27. Kb2
b6 28. Rde2 Rd7 1/2-1/2

[Event "BL 0304 TV Tegernsee - Hamburger SK"]
[Site "?"]
[Date "2003.11.02"]
[Round "2.6"]
[White "Hertneck, Gerald"]
[Black "Berg, Emanuel"]
[Result "1/2-1/2"]
[WhiteElo "2524"]
[BlackElo "2489"]
[PlyCount "36"]
[EventDate "2003.??.??"]

1. d4 Nf6 2. c4 e6 3. Nf3 b6 4. g3 Ba6 5. Nbd2 Bb4 6. Qc2 Bb7 7. Bg2 c5 8. dxc5
Bxc5 9. a3 O-O 10. b4 Be7 11. Bb2 d6 12. O-O Nbd7 13. e4 Qc7 14. Nd4 a6 15. Qb3
Rac8 16. Rac1 Qb8 17. h3 Rfe8 18. g4 Bf8 1/2-1/2

[Event "BL 0304 TV Tegernsee - Hamburger SK"]
[Site "?"]
[Date "2003.11.02"]
[Round "2.7"]
[White "Reeh, Oliver"]
[Black "Teske, Henrik"]
[Result "1-0"]
[WhiteElo "2446"]
[BlackElo "2518"]
[PlyCount "101"]
[EventDate "2003.??.??"]

1. e4 c5 2. Nf3 Nc6 3. Bb5 d6 4. c3 Nf6 5. Qe2 g6 6. d4 cxd4 7. cxd4 a6 8.
Bxc6+ bxc6 9. O-O Bg7 10. h3 O-O 11. Nc3 a5 12. Re1 Ba6 13. Qc2 Rc8 14. Bf4 Qb6
15. Rad1 Rfd8 16. Bg5 c5 17. d5 Qb7 18. Qd2 Rb8 19. e5 dxe5 20. Nxe5 Bb5 21.
Qf4 Be8 22. Nc6 Bxc6 23. dxc6 Qxc6 24. Rxd8+ Rxd8 25. Rxe7 Qd6 26. Qxd6 Rxd6
27. Rc7 h6 28. Be3 Nd7 29. Kf1 g5 30. Ne4 Rd5 31. Nxc5 Nb6 32. Ne4 Rd1+ 33. Ke2
Rb1 34. Rc2 Nd5 35. Nc3 Nxe3 36. Kxe3 Rg1 37. Kf3 f5 38. g4 f4 39. b3 Rh1 40.
Kg2 Ra1 41. Ne4 Bf8 42. Nd2 Be7 43. Nc4 Bb4 44. Ne5 Kg7 45. Nc6 Kf6 46. Nxb4
axb4 47. Rc4 Rxa2 48. Rxb4 Rb2 49. Rb6+ Kf7 50. Rxh6 Rxb3 51. h4 1-0

[Event "BL 0304 TV Tegernsee - Hamburger SK"]
[Site "?"]
[Date "2003.11.02"]
[Round "2.8"]
[White "Stangl, Markus"]
[Black "Heinemann, Thies"]
[Result "1/2-1/2"]
[WhiteElo "2493"]
[BlackElo "2426"]
[PlyCount "84"]
[EventDate "2003.??.??"]

1. Nf3 c5 2. c4 Nc6 3. d4 cxd4 4. Nxd4 g6 5. e4 Bg7 6. Nc2 d6 7. Be2 Nh6 8. O-O
O-O 9. Nc3 f5 10. exf5 Nxf5 11. Ne3 Kh8 12. Ncd5 Nfd4 13. Bd3 Be6 14. Bd2 Bg8
15. Kh1 e6 16. Nc3 d5 17. f4 dxc4 18. Bxc4 Nf5 19. Nxf5 exf5 20. Bxg8 Rxg8 21.
Ne2 Re8 22. Re1 Re4 23. Ng3 Rd4 24. Nf1 Nb4 25. Qb3 Nd3 26. Re2 Nc5 27. Qb5 b6
28. Rae1 Ne4 29. Bc3 Rd5 30. Bxg7+ Kxg7 31. Qa6 Qc8 32. Qa3 Qc5 33. Qxc5 Rxc5
34. Ng3 Nxg3+ 35. hxg3 Rf8 36. Kg1 Rf7 37. Kf2 Rd5 38. Kf3 Rd3+ 39. Kf2 Rd4 40.
Kf3 Rd3+ 41. Kf2 Rd4 42. Kf3 Rd3+ 1/2-1/2

[Event "BL 0304 SC Baden Oos - SFR Neukölln"]
[Site "?"]
[Date "2003.11.02"]
[Round "2.2"]
[White "Dautov, Rustem"]
[Black "Polzin, Rainer"]
[Result "1/2-1/2"]
[WhiteElo "2610"]
[BlackElo "2489"]
[PlyCount "159"]
[EventDate "2003.??.??"]

1. d4 Nf6 2. c4 g6 3. g3 Bg7 4. Bg2 O-O 5. Nc3 d6 6. Nf3 Nbd7 7. O-O e5 8. e4
a6 9. Qc2 exd4 10. Nxd4 Ne5 11. b3 Rb8 12. f4 Ned7 13. Bb2 c5 14. Nf3 b5 15.
cxb5 axb5 16. Rad1 Re8 17. Rfe1 Qc7 18. h3 b4 19. Na4 Bb7 20. Nd2 Re6 21. Nc4
Rbe8 22. e5 Bxg2 23. Kxg2 dxe5 24. Nxe5 Nxe5 25. Rxe5 Rxe5 26. Bxe5 Qc6+ 27.
Kh2 Nh5 28. Qg2 Qxg2+ 29. Kxg2 Bxe5 30. Re1 Rd8 31. fxe5 Rd3 32. Nxc5 Rxg3+ 33.
Kh2 Rc3 34. Na6 Rc2+ 35. Kg1 Rxa2 36. Nxb4 Rb2 37. Re3 Nf4 38. Nc6 Kg7 39. b4
Kh6 40. h4 Kh5 41. Nd8 Kxh4 42. Nxf7 Nh3+ 43. Kh1 Nf2+ 44. Kg1 Nh3+ 45. Kh1
Nf2+ 46. Kg1 Ng4 47. Rc3 Rxb4 48. e6 Rb1+ 49. Kg2 Rb2+ 50. Kf3 Rf2+ 51. Ke4
Re2+ 52. Kd5 Nf6+ 53. Kd4 Re4+ 54. Kd3 Rxe6 55. Rc4+ Kg3 56. Nh6 Nd5 57. Rc5
Nf4+ 58. Kd4 Re1 59. Ra5 Re7 60. Ng8 Re6 61. Nh6 Nh5 62. Kd5 Re1 63. Kd6 Nf6
64. Nf7 Kf4 65. Ra4+ Ne4+ 66. Kd5 Rd1+ 67. Ke6 h5 68. Nh8 Rd6+ 69. Kf7 g5 70.
Ng6+ Rxg6 71. Kxg6 h4 72. Ra8 g4 73. Kh5 h3 74. Kh4 h2 75. Rf8+ Ke3 76. Rf1 g3
77. Kh3 Ke2 78. Kg2 Nf2 79. Kxg3 Kxf1 80. Kxh2 1/2-1/2

[Event "BL 0304 SC Baden Oos - SFR Neukölln"]
[Site "?"]
[Date "2003.11.02"]
[Round "2.4"]
[White "Schlosser, Philipp"]
[Black "Poldauf, Dirk"]
[Result "1/2-1/2"]
[WhiteElo "2560"]
[BlackElo "2404"]
[PlyCount "29"]
[EventDate "2003.??.??"]

1. d4 Nf6 2. c4 g6 3. Nc3 Bg7 4. e4 d6 5. f4 O-O 6. Nf3 Na6 7. Be2 e5 8. fxe5
dxe5 9. Nxe5 c5 10. Be3 Nb4 11. dxc5 Nxe4 12. Nxe4 Qh4+ 13. Nf2 Bxe5 14. Qd2 a5
15. Rd1 1/2-1/2

[Event "BL 0304 SC Baden Oos - SFR Neukölln"]
[Site "?"]
[Date "2003.11.02"]
[Round "2.5"]
[White "Thiede, Lars"]
[Black "Schmaltz, Roland"]
[Result "0-1"]
[WhiteElo "2440"]
[BlackElo "2519"]
[PlyCount "66"]
[EventDate "2003.??.??"]

1. g3 Nf6 2. c4 g6 3. Bg2 Bg7 4. Nc3 O-O 5. d3 c5 6. e4 Nc6 7. Be3 d6 8. h3 a6
9. f4 Bd7 10. Nge2 b5 11. cxb5 axb5 12. Nxb5 Qb6 13. a4 Nb4 14. Nec3 Nh5 15.
Kf2 Bd4 16. Re1 e5 17. f5 Nf6 18. g4 d5 19. exd5 gxf5 20. gxf5 Bxf5 21. Be4 Bg6
22. Kg2 Bxe3 23. Rxe3 c4 24. Rg3 cxd3 25. Bxd3 Nbxd5 26. Nxd5 Nxd5 27. Bxg6
Nf4+ 28. Kh1 hxg6 29. Qd6 Qb7+ 30. Kh2 Rfd8 31. Qb4 Rac8 32. Re1 Rc2+ 33. Kg1
Nxh3+ 0-1